Statistics for Bands by Name Origin (D-F)

Click here to take the quiz!

General Stats

  • This quiz has been taken 18 times
  • The average score is 4 of 15

Answer Stats

Band Name Origin Band % Correct
Reduplicated name that comes the villain of the cult sci-fi film BarbarellaDuran Duran
57%
The sidekick of comic book superhero Radioactive Man from The SimpsonsFallout Boy
43%
Phonetic spelling of this rapper's former stage nameEminem
36%
Found this word in the dictionary, meaning "a disappearance or dissipation, like vapor"Evanescence
29%
Term used by Allied aircraft pilots in World War II to describe UFOsFoo Fighters
29%
Comes from the band's financial situation at the time of formingDire Straits
29%
Short for the idea that, instead of evolving, mankind has actually begun to regressDevo
29%
The elemental and seasonal qualities of the frontman's astrological sign, SagittariusEarth, Wind, and Fire
21%
Took its name from the title of an Aldous Huxley bookThe Doors
21%
Inspired by a French fashion magazine of the same nameDepeche Mode
21%
Taken from a poster referring to Frank Sinatra’s move from Las Vegas to Los AngelesFrankie Goes to Hollywood
14%
Supposedly in reference to a baseball-themed porn movieFastball
14%
A tabloid headline about a woman killed in a taxi accidentDeath Cab for Cutie
14%
Named after an 1825 revolt in Imperial RussiaThe Decemberists
14%
Named after a movie house in Monterey, CaliforniaDream Theater
7%

Score Distribution

Percentile by Number Answered

Percent of People with Each Score

Your Score History

You have not taken this quiz